000 00885nam a2200217Ii 4500
003 JO-AjNU
008 230605s9999||||xx |||||||||||||| ||und||
017 _a 1996/3/324
040 _aJO-AjNU
_bara
_erda
_cJO-AjNU
041 _aara
050 1 4 _aBP173.754.S524 1996
100 3 _aشابرا، محمد عمر ؛ ترجمة محمد زهير السمهوري ؛ مراجعة محمد أنس الزرقاء ؛ تقديم محمد سعيد النابلسي,
_eauthor
_945449
245 0 0 _aالإسلام والتحدي الإقتصادي
250 _aط1
264 3 1 _aعمان: المعهد العالمي للفكر الاسلامي، 1996
300 _a490ص
_bيتضمن ببلوغرافيا (ص419-490)
336 _atext
_btxt
_2rdacontent
337 _aunmediated
_bn
_2rdamedia
338 _avolume
_bnc
_2rdacarrier
650 4 _aالاقتصاد الاسلامي
_945450
999 _aA19703
_c23271
_d23271